[Event "Madrid-ch 2016 Final"]
[Site "Madrid ESP"]
[Date "2016.06.06"]
[Round "1.1"]
[White "Quispe Arteaga, Gabriel"]
[Black "Perez Mitjans, Orelvis"]
[Result "1/2-1/2"]
[WhiteElo "2196"]
[BlackElo "2462"]
[PlyCount "108"]
[EventDate "2016.06.06"]
[EventType "swiss"]
[EventRounds "7"]
[EventCountry "ESP"]
[Source "lmi"]
[SourceDate "2016.06.06"]

1. d4 d5 2. c4 Nc6 3. e3 e5 4. dxe5 d4 5. a3 Nge7 6. Nf3 Nf5 7. Be2 dxe3 8.
Qxd8+ Nxd8 9. Bxe3 Nxe3 10. fxe3 Bc5 11. Kf2 O-O 12. Nc3 Re8 13. b4 Bf8 14. Nd5
Ne6 15. Nd4 Rb8 16. Nxe6 Rxe6 17. Nxc7 Rxe5 18. Rad1 Be7 19. Rd5 Bf6 20. Rxe5
Bxe5 21. Nb5 a6 22. Nd4 Bd7 23. Rd1 Ba4 24. Rd2 g6 25. Bd1 Be8 26. Bf3 h5 27.
g3 h4 28. Nb3 hxg3+ 29. hxg3 b6 30. Nd4 Rc8 31. Bd5 Ba4 32. Rd3 Kg7 33. Rc3 a5
34. c5 Rd8 35. Bf3 axb4 36. axb4 Rxd4 37. exd4 Bxd4+ 38. Re3 bxc5 39. bxc5 Bxc5
40. Ke2 Bxe3 41. Kxe3 Kf6 42. Bd5 Bd7 43. Kf4 Bf5 44. g4 g5+ 45. Kg3 Be6 46.
Be4 Ke5 47. Bc2 Bd5 48. Bd3 Kd4 49. Bb5 Ke3 50. Bd7 Kd4 51. Bb5 Be6 52. Bc6 Ke5
53. Bb5 Kf6 54. Bd3 Bc8 1/2-1/2

[Event "Madrid-ch 2016 Final"]
[Site "Madrid ESP"]
[Date "2016.06.06"]
[Round "1.2"]
[White "Rubio Mejia, Luis Ignacio"]
[Black "Iagar, Razvan Gabriel"]
[Result "1/2-1/2"]
[WhiteElo "2457"]
[BlackElo "2161"]
[PlyCount "102"]
[EventDate "2016.06.06"]
[EventType "swiss"]
[EventRounds "7"]
[EventCountry "ESP"]
[Source "lmi"]
[SourceDate "2016.06.06"]

1. d4 d5 2. c4 c6 3. Nf3 Nf6 4. e3 e6 5. b3 Bb4+ 6. Nbd2 Ne4 7. Bd3 Nxd2 8.
Bxd2 Qe7 9. O-O Nd7 10. Bxb4 Qxb4 11. Qe2 O-O 12. e4 dxe4 13. Qxe4 Nf6 14. Qh4
Qd6 15. c5 Qd8 16. Ne5 h6 17. Rad1 Nd5 18. Qe4 f5 19. Qe1 Bd7 20. f4 Be8 21.
Bc4 Rf6 22. Bxd5 exd5 23. Rd3 Re6 24. h3 Rc8 25. Qd2 Bf7 26. b4 Qc7 27. Rb3 a6
28. a4 Be8 29. g4 fxg4 30. hxg4 Rf6 31. g5 hxg5 32. fxg5 Rxf1+ 33. Kxf1 Bh5 34.
Rh3 Rf8+ 35. Kg1 g6 36. Rh2 Qe7 37. Rf2 Rxf2 38. Kxf2 Qf8+ 39. Kg3 Qf1 40. Qf2
Qxf2+ 41. Kxf2 Kf8 42. Ke3 Ke7 43. Kf4 Ke6 44. Nd3 Be2 45. Nb2 Bf1 46. Nd1 Bd3
47. Ne3 Be2 48. Ng2 Bd1 49. Nh4 Bc2 50. Kg4 Kf7 51. Ng2 Bxa4 1/2-1/2

[Event "Madrid-ch 2016 Final"]
[Site "Madrid ESP"]
[Date "2016.06.06"]
[Round "1.3"]
[White "Casares Ripoll, Fernando"]
[Black "Valles Moreno, Ivan"]
[Result "0-1"]
[WhiteElo "2139"]
[BlackElo "2441"]
[PlyCount "66"]
[EventDate "2016.06.06"]
[EventType "swiss"]
[EventRounds "7"]
[EventCountry "ESP"]
[Source "lmi"]
[SourceDate "2016.06.06"]

1. d4 d5 2. c4 c6 3. cxd5 cxd5 4. Nc3 Nc6 5. Nf3 Nf6 6. Bf4 Nh5 7. Bg5 h6 8.
Bh4 g5 9. Bg3 Nxg3 10. hxg3 g4 11. Nh4 e5 12. e3 exd4 13. exd4 Bg7 14. Bb5 O-O
15. Bxc6 bxc6 16. O-O Qf6 17. Ne2 Re8 18. Rc1 Bd7 19. Qd2 Qg5 20. Rfd1 Re4 21.
f3 Re7 22. fxg4 Rae8 23. Nf4 Bxg4 24. Re1 Bxd4+ 25. Qxd4 Rxe1+ 26. Rxe1 Rxe1+
27. Kh2 Qe5 28. Qxa7 Qe3 29. Qa8+ Kh7 30. Nh3 Bxh3 31. Kxh3 Rh1+ 32. Kg4 Qe4+
33. Kh5 Qg6# 0-1

[Event "Madrid-ch 2016 Final"]
[Site "Madrid ESP"]
[Date "2016.06.06"]
[Round "1.4"]
[White "Moreno Ruiz, Javier"]
[Black "Collado Barbas, Laura"]
[Result "1-0"]
[WhiteElo "2438"]
[BlackElo "2097"]
[PlyCount "59"]
[EventDate "2016.06.06"]
[EventType "swiss"]
[EventRounds "7"]
[EventCountry "ESP"]
[Source "lmi"]
[SourceDate "2016.06.06"]

1. e4 e6 2. d4 d5 3. Nd2 Nf6 4. e5 Nfd7 5. Bd3 c5 6. c3 Nc6 7. Ne2 f6 8. exf6
Nxf6 9. Nf3 Bd6 10. O-O O-O 11. dxc5 Bxc5 12. Ned4 Qc7 13. Re1 e5 14. Nxc6
Bxf2+ 15. Kxf2 Ng4+ 16. Kg1 bxc6 17. h3 e4 18. Bxe4 dxe4 19. Rxe4 Nf6 20. Rd4
Nh5 21. Ng5 g6 22. Be3 Ng3 23. Qb3+ Kg7 24. Re1 h6 25. Nf3 Bxh3 26. Rh4 Nf5 27.
Rxh3 c5 28. Qc4 Rac8 29. Bf4 Qb6 30. Be5+ 1-0

[Event "Madrid-ch 2016 Final"]
[Site "Madrid ESP"]
[Date "2016.06.06"]
[Round "1.5"]
[White "Rottenwohrer Suarez, Juan"]
[Black "Almagro Llamas, Pablo"]
[Result "1/2-1/2"]
[WhiteElo "2087"]
[BlackElo "2432"]
[PlyCount "86"]
[EventDate "2016.06.06"]
[EventType "swiss"]
[EventRounds "7"]
[EventCountry "ESP"]
[Source "lmi"]
[SourceDate "2016.06.06"]

1. c4 e5 2. g3 Nc6 3. Bg2 Bc5 4. Nc3 d6 5. e3 a6 6. Nge2 Ba7 7. O-O h5 8. h4
Bg4 9. Nd5 Nge7 10. b4 Nxd5 11. cxd5 Nxb4 12. Qa4+ Qd7 13. Qxb4 Bxe2 14. Re1
Qb5 15. Qc3 Bb6 16. a4 Qc4 17. Qxc4 Bxc4 18. Ba3 Bd3 19. Ra2 a5 20. Rb2 Ke7 21.
Rc1 Rhd8 22. Bh3 Be4 23. Rb5 Bf3 24. d3 g6 25. e4 Bg4 26. Kg2 Bxh3+ 27. Kxh3
Kd7 28. Rf1 Rf8 29. f4 f6 30. f5 Rg8 31. Bc1 Rg7 32. Bh6 Rh7 33. Bd2 gxf5 34.
Rxf5 Ke7 35. Be1 Ra6 36. Rb1 Ra8 37. Rb5 Kf7 38. Bd2 Kg6 39. Rb1 Rf8 40. Rb5
Ra8 41. Rb1 Rf8 42. Rb5 Ra8 43. Rb1 Rf8 1/2-1/2

[Event "Madrid-ch 2016 Final"]
[Site "Madrid ESP"]
[Date "2016.06.06"]
[Round "1.6"]
[White "Candela Perez, Jose"]
[Black "Pindado Campos, Raul"]
[Result "1-0"]
[WhiteElo "2407"]
[BlackElo "2046"]
[PlyCount "83"]
[EventDate "2016.06.06"]
[EventType "swiss"]
[EventRounds "7"]
[EventCountry "ESP"]
[Source "lmi"]
[SourceDate "2016.06.06"]

1. d4 Nf6 2. c4 g6 3. Nc3 Bg7 4. e4 d6 5. Nf3 O-O 6. Be3 e5 7. dxe5 dxe5 8.
Qxd8 Rxd8 9. Nd5 Nxd5 10. cxd5 c6 11. Bc4 h6 12. O-O cxd5 13. Bxd5 Nc6 14. Bxc6
bxc6 15. Rfc1 Bb7 16. Nd2 f5 17. Nb3 f4 18. Bd2 Rac8 19. Ba5 Rd6 20. Nc5 Ba8
21. f3 Bf8 22. Kf1 Kf7 23. Ke2 Be7 24. Nd3 Bf6 25. Rc5 Re6 26. Bc3 Rce8 27. Rd1
Bb7 28. Ra5 Bc8 29. Rxa7+ R6e7 30. Ra5 g5 31. Nb4 g4 32. Nxc6 Re6 33. Ra7+ Kg6
34. Nb4 gxf3+ 35. gxf3 Kh5 36. Rg1 Bd8 37. Rf7 Rg6 38. Rxg6 Kxg6 39. Ra7 Bb6
40. Ra8 Bg1 41. Nc6 Bxh2 42. Rxc8 1-0

[Event "Madrid-ch 2016 Final"]
[Site "Madrid ESP"]
[Date "2016.06.06"]
[Round "1.7"]
[White "Lopez de Turiso, Jose Angel"]
[Black "Espinosa Aranda, Angel"]
[Result "0-1"]
[WhiteElo "2040"]
[BlackElo "2406"]
[PlyCount "52"]
[EventDate "2016.06.06"]
[EventType "swiss"]
[EventRounds "7"]
[EventCountry "ESP"]
[Source "lmi"]
[SourceDate "2016.06.06"]

1. d4 c5 2. c3 Nf6 3. g3 e6 4. Bg2 Nc6 5. e4 d5 6. exd5 exd5 7. Ne2 Be7 8. O-O
O-O 9. dxc5 Bxc5 10. Nd2 Re8 11. h3 Bb6 12. Nf3 Ne4 13. Ned4 Qf6 14. Qd3 Bd7
15. Be3 Rad8 16. Rfe1 h6 17. Re2 g5 18. Nb5 Bxe3 19. Rxe3 Ne5 20. Qf1 Nc4 21.
Nc7 Nxe3 22. Nxe8 Rxe8 23. fxe3 Nxg3 24. Qd3 Bxh3 25. Qxd5 Bxg2 26. Kxg2 Nf5
0-1

[Event "Madrid-ch 2016 Final"]
[Site "Madrid ESP"]
[Date "2016.06.06"]
[Round "1.8"]
[White "Aranda Marin, Cristian"]
[Black "Ocana Lameiro, Oliver"]
[Result "1-0"]
[WhiteElo "2372"]
[BlackElo "2028"]
[PlyCount "91"]
[EventDate "2016.06.06"]
[EventType "swiss"]
[EventRounds "7"]
[EventCountry "ESP"]
[Source "lmi"]
[SourceDate "2016.06.06"]

1. d4 Nf6 2. c4 e6 3. Nc3 d5 4. cxd5 exd5 5. Bg5 Be7 6. e3 c6 7. Bd3 Ne4 8.
Bxe7 Qxe7 9. Qc2 Nxc3 10. bxc3 Nd7 11. Nf3 Nf6 12. Ne5 g6 13. O-O O-O 14. Rae1
Nd7 15. f4 Nxe5 16. fxe5 f6 17. exf6 Rxf6 18. e4 Rxf1+ 19. Rxf1 Be6 20. e5 Rf8
21. Rxf8+ Kxf8 22. Qc1 Kg7 23. Qf4 h6 24. h4 Qf7 25. g3 Qxf4 26. gxf4 b6 27.
Kf2 Bf5 28. Be2 Bb1 29. a3 Kf7 30. h5 Bf5 31. hxg6+ Kxg6 32. Kg3 Bc2 33. c4 Be4
34. cxd5 cxd5 35. Ba6 Bf5 36. Kh4 Be4 37. Be2 a5 38. Bb5 Bf3 39. Be8+ Kf5 40.
Kg3 Be2 41. Bd7+ Kg6 42. f5+ Kg5 43. f6 Kg6 44. Be8+ Kh7 45. e6 Kg8 46. e7 1-0

[Event "Madrid-ch 2016 Final"]
[Site "Madrid ESP"]
[Date "2016.06.06"]
[Round "1.9"]
[White "Martin Martin, Luis Vicente"]
[Black "Martinez Reyes, Pedro Ramon"]
[Result "0-1"]
[WhiteElo "2017"]
[BlackElo "2309"]
[PlyCount "74"]
[EventDate "2016.06.06"]
[EventType "swiss"]
[EventRounds "7"]
[EventCountry "ESP"]
[Source "lmi"]
[SourceDate "2016.06.06"]

1. d4 c5 2. c3 cxd4 3. cxd4 d5 4. Nc3 Nc6 5. Nf3 e5 6. Nxe5 Nxe5 7. dxe5 d4 8.
Qa4+ b5 9. Nxb5 Bd7 10. Qc4 Qa5+ 11. Bd2 Qxb5 12. Qxd4 Bc5 13. Qc3 Rb8 14. b3
Bb4 15. Qxb4 Qxb4 16. Bxb4 Rxb4 17. g3 Bc6 18. Rg1 Ne7 19. f4 O-O 20. e3 Bd5
21. Bd3 Rd8 22. Ke2 g5 23. h3 a5 24. Rad1 a4 25. Bc2 Rc8 26. Rd2 axb3 27. axb3
Bxb3 28. Bxb3 Rxb3 29. Kf3 Rcc3 30. Re1 Nf5 31. Kg4 Nxe3+ 32. Kxg5 Nc4 33. Rd8+
Kg7 34. g4 h6+ 35. Kf5 Ne3+ 36. Ke4 Rc4+ 37. Rd4 Rxd4+ 0-1

[Event "Madrid-ch 2016 Final"]
[Site "Madrid ESP"]
[Date "2016.06.06"]
[Round "1.10"]
[White "Longa Yauca, Javier"]
[Black "Aguilera Lopez, Alejandro"]
[Result "1/2-1/2"]
[WhiteElo "2293"]
[BlackElo "2011"]
[PlyCount "116"]
[EventDate "2016.06.06"]
[EventType "swiss"]
[EventRounds "7"]
[EventCountry "ESP"]
[Source "lmi"]
[SourceDate "2016.06.06"]

1. d4 d5 2. Nf3 Nf6 3. c4 c6 4. Nc3 e6 5. Bg5 Be7 6. e3 Nbd7 7. Qc2 O-O 8.
O-O-O Qa5 9. Kb1 h6 10. h4 dxc4 11. Bxc4 b5 12. Bd3 b4 13. Ne4 Ba6 14. Bxa6
Qxa6 15. Bxf6 Nxf6 16. Nxf6+ Bxf6 17. g4 Be7 18. g5 h5 19. Ne5 Rfc8 20. g6 f6
21. Nc4 Qb5 22. e4 b3 23. axb3 f5 24. e5 Qd5 25. Ka2 f4 26. Qe2 f3 27. Qe3 Rf8
28. Rh3 Rf5 29. Qc3 Rf4 30. Rd3 Raf8 31. Ne3 Qb5 32. Qc4 Qxc4 33. Nxc4 Rxh4 34.
Rhxf3 Rxf3 35. Rxf3 Rxd4 36. Na5 Rg4 37. Nxc6 Bc5 38. b4 Bxb4 39. Rb3 Bf8 40.
Rb8 Rf4 41. Nd8 h4 42. Nxe6 Rf5 43. f4 h3 44. Rc8 h2 45. Rc1 Rh5 46. Rh1 Rh3
47. Ng5 Rh4 48. Nf7 Bc5 49. Kb3 Bg1 50. f5 Rf4 51. Nd6 Kf8 52. Kc2 Ke7 53. Kd3
Kf8 54. b3 Ke7 55. Ke2 Rf2+ 56. Kd3 Rf4 57. Kc3 Bd4+ 58. Kd3 Bg1 1/2-1/2

[Event "Madrid-ch 2016 Final"]
[Site "Madrid ESP"]
[Date "2016.06.06"]
[Round "1.11"]
[White "Rojas Pozo, Jose Luis"]
[Black "Quevedo Marin, Manuel"]
[Result "0-1"]
[WhiteElo "1992"]
[BlackElo "2259"]
[PlyCount "90"]
[EventDate "2016.06.06"]
[EventType "swiss"]
[EventRounds "7"]
[EventCountry "ESP"]
[Source "lmi"]
[SourceDate "2016.06.06"]

1. e4 c5 2. Nf3 Nc6 3. d4 cxd4 4. Nxd4 e5 5. Nf3 Nf6 6. Bd3 Bc5 7. O-O h6 8.
Nc3 O-O 9. Na4 Be7 10. c4 d6 11. h3 Nh5 12. Nc3 Nf4 13. Bxf4 exf4 14. Nd5 Bf6
15. Nxf4 Bxb2 16. Rb1 Ba3 17. Nd5 Bc5 18. Qa4 Ne7 19. Rfe1 Nxd5 20. exd5 b6 21.
Rb2 Qf6 22. Rbe2 Bxh3 23. Re8 Bf5 24. Rxa8 Rxa8 25. Re8+ Rxe8 26. Qxe8+ Kh7 27.
Bxf5+ Qxf5 28. Qe2 a5 29. Ne1 g6 30. Nd3 Bd4 31. Kf1 Qc8 32. Ne1 Qc5 33. Qc2 b5
34. cxb5 Qxb5+ 35. Qd3 Qb2 36. Qc2 Qb5+ 37. Qd3 Qc5 38. Qf3 Kg7 39. Kg1 Qc1 40.
Qe2 Bc3 41. Kf1 h5 42. f3 Kf6 43. Kf2 Qxe1+ 44. Qxe1 Bxe1+ 45. Kxe1 Ke5 0-1

[Event "Madrid-ch 2016 Final"]
[Site "Madrid ESP"]
[Date "2016.06.06"]
[Round "1.13"]
[White "Cabanas Bravo, Juan Andres"]
[Black "Pastor Alonso De Prado, Alberto"]
[Result "0-1"]
[WhiteElo "1992"]
[BlackElo "2233"]
[PlyCount "46"]
[EventDate "2016.06.06"]
[EventType "swiss"]
[EventRounds "7"]
[EventCountry "ESP"]
[Source "lmi"]
[SourceDate "2016.06.06"]

1. e4 e5 2. f4 exf4 3. Nf3 d6 4. Bc4 h6 5. d4 g5 6. O-O Bg7 7. g3 g4 8. Nh4 f3
9. c3 Nc6 10. h3 h5 11. Na3 Bf6 12. Qb3 Bxh4 13. Bxf7+ Kf8 14. Bxg8 Rxg8 15.
Bh6+ Rg7 16. Kh2 Qf6 17. Bxg7+ Kxg7 18. Qd5 Be6 19. Qb5 Rf8 20. Nc2 Bxg3+ 21.
Kxg3 Qf4+ 22. Kf2 Qd2+ 23. Kg3 h4+ 0-1

[Event "Madrid-ch 2016 Final"]
[Site "Madrid ESP"]
[Date "2016.06.06"]
[Round "1.14"]
[White "Plazuelo Pascual, Juan"]
[Black "Ruiz Quevedo, Andres"]
[Result "1/2-1/2"]
[WhiteElo "2223"]
[BlackElo "1959"]
[PlyCount "135"]
[EventDate "2016.06.06"]
[EventType "swiss"]
[EventRounds "7"]
[EventCountry "ESP"]
[Source "lmi"]
[SourceDate "2016.06.06"]

1. d4 Nf6 2. c4 e6 3. Nc3 Bb4 4. Qc2 Nc6 5. Nf3 d6 6. Bd2 Qe7 7. e3 O-O 8. a3
Bxc3 9. Bxc3 e5 10. d5 Nb8 11. Nd2 c6 12. dxc6 bxc6 13. Be2 Bg4 14. f3 Bh5 15.
O-O Bg6 16. Qa4 Rc8 17. Nb3 Nbd7 18. c5 dxc5 19. Ba6 Rcb8 20. Qxc6 Qf8 21. Nd2
Rb6 22. Qa4 Nd5 23. Nc4 Nxc3 24. bxc3 Bc2 25. Qxd7 Rxa6 26. Nxe5 Rd6 27. Qc7
Re6 28. Rac1 Ba4 29. f4 f6 30. Qa5 Qe8 31. Nf3 c4 32. Nd4 Rxe3 33. Qd5+ Kh8 34.
Qxc4 Rc8 35. Qb4 Rb8 36. Qc5 Rb2 37. f5 h6 38. Ne6 Bc6 39. Rf2 Rxf2 40. Kxf2
Re5 41. Qf8+ Qxf8 42. Nxf8 Rxf5+ 43. Kg1 Rb5 44. Ng6+ Kh7 45. Ne7 Be4 46. Re1
f5 47. g4 g6 48. gxf5 gxf5 49. Re2 Rc5 50. Rd2 Rxc3 51. Rd7 Rxa3 52. Nxf5+ Kg6
53. Ne7+ Kg5 54. Nc8 a5 55. Nd6 Bd3 56. Nf7+ Kf6 57. Nxh6 a4 58. Ng4+ Ke6 59.
Rd4 Ra1+ 60. Kf2 Bg6 61. Ne3 Ra2+ 62. Kg3 Bb1 63. Nd5 Bc2 64. Ne3 Bb3 65. Rb4
Re2 66. Nc4 Re4 67. Rb6+ Kd7 68. Nd2 1/2-1/2

[Event "Madrid-ch 2016 Final"]
[Site "Madrid ESP"]
[Date "2016.06.07"]
[Round "2.1"]
[White "Valles Moreno, Ivan"]
[Black "Aranda Marin, Cristian"]
[Result "1/2-1/2"]
[WhiteElo "2441"]
[BlackElo "2372"]
[PlyCount "55"]
[EventDate "2016.06.06"]
[EventType "swiss"]
[EventRounds "7"]
[EventCountry "ESP"]
[Source "lmi"]
[SourceDate "2016.06.06"]

1. e4 d6 2. d4 Nf6 3. Nc3 g6 4. Bg5 Bg7 5. Qe2 O-O 6. O-O-O c6 7. e5 dxe5 8.
dxe5 Nd5 9. Nxd5 cxd5 10. f4 Nc6 11. Kb1 Bf5 12. g4 Be4 13. Bg2 Qb6 14. Bxe4
dxe4 15. Qxe4 f6 16. Bh4 fxe5 17. f5 Nd4 18. Nh3 gxf5 19. gxf5 Qc6 20. Qxc6
bxc6 21. Bxe7 Rxf5 22. c3 Nf3 23. Bc5 e4 24. Be3 Rb8 25. Kc2 Ne5 26. Bxa7 Rb7
27. Rd8+ Kf7 28. Bd4 1/2-1/2

[Event "Madrid-ch 2016 Final"]
[Site "Madrid ESP"]
[Date "2016.06.07"]
[Round "2.2"]
[White "Martinez Reyes, Pedro Ramon"]
[Black "Moreno Ruiz, Javier"]
[Result "1/2-1/2"]
[WhiteElo "2309"]
[BlackElo "2438"]
[PlyCount "98"]
[EventDate "2016.06.06"]
[EventType "swiss"]
[EventRounds "7"]
[EventCountry "ESP"]
[Source "lmi"]
[SourceDate "2016.06.06"]

1. e4 e6 2. d4 d5 3. Nd2 c5 4. exd5 exd5 5. Ngf3 Nf6 6. dxc5 Bxc5 7. Nb3 Bb6 8.
Bb5+ Nc6 9. O-O O-O 10. Be3 Bxe3 11. fxe3 Qb6 12. Nfd4 Nxd4 13. Nxd4 Ng4 14.
Qf3 Qh6 15. Qf4 a6 16. Bd3 Bd7 17. h3 Qxf4 18. exf4 Nf6 19. Rae1 Rfe8 20. Re5
g6 21. Rfe1 Nh5 22. f5 Rxe5 23. Rxe5 Nf6 24. Kf2 g5 25. Be2 Kf8 26. Bf3 Re8 27.
Rxe8+ Kxe8 28. c4 b6 29. Bxd5 Nxd5 30. cxd5 Ke7 31. Ke3 Kd6 32. Ke4 f6 33. b4
Ba4 34. Nb3 Bxb3 35. axb3 h5 36. g3 Ke7 37. Kd3 Kd6 38. Kd4 Kd7 39. Kc4 Kd6 40.
b5 a5 41. Kd4 Kd7 42. Kd3 Kd6 43. Kc4 Ke5 44. d6 Kxd6 45. Kd4 Ke7 46. Ke4 Kd6
47. Kd4 Ke7 48. Kd5 Kd7 49. h4 g4 1/2-1/2

[Event "Madrid-ch 2016 Final"]
[Site "Madrid ESP"]
[Date "2016.06.07"]
[Round "2.3"]
[White "Pastor Alonso De Prado, Alberto"]
[Black "Candela Perez, Jose"]
[Result "0-1"]
[WhiteElo "2233"]
[BlackElo "2407"]
[PlyCount "92"]
[EventDate "2016.06.06"]
[EventType "swiss"]
[EventRounds "7"]
[EventCountry "ESP"]
[Source "lmi"]
[SourceDate "2016.06.06"]

1. e4 c5 2. c3 Nf6 3. e5 Nd5 4. d4 cxd4 5. Nf3 e6 6. cxd4 d6 7. Nc3 Nxc3 8.
bxc3 Qc7 9. Bd2 Nd7 10. Bd3 dxe5 11. O-O Bd6 12. Re1 exd4 13. cxd4 O-O 14. Rc1
Qd8 15. Qe2 Re8 16. Qe4 Nf8 17. Ne5 Rb8 18. Qf3 f6 19. Nc4 Bc7 20. Bc3 b5 21.
Ne3 Bb7 22. Qh5 a6 23. a4 bxa4 24. Bb4 Bd6 25. Ba5 Qd7 26. Bc4 Kh8 27. Bd3 Rec8
28. Nc4 Bc7 29. Bb4 Bf3 30. Qxf3 Rxb4 31. d5 Re8 32. Rcd1 exd5 33. Rxe8 Qxe8
34. Qxd5 Rb8 35. g3 Qd7 36. Qf3 Rd8 37. Ne3 Qe6 38. Qb7 Qb6 39. Qe4 a3 40. Nd5
Qe6 41. Qxe6 Nxe6 42. Bxa6 Be5 43. Bc4 Rc8 44. Nb6 Rd8 45. Rxd8+ Nxd8 46. Bd5
Nc6 0-1

[Event "Madrid-ch 2016 Final"]
[Site "Madrid ESP"]
[Date "2016.06.07"]
[Round "2.4"]
[White "Espinosa Aranda, Angel"]
[Black "Lianes Garcia, Marcos"]
[Result "1-0"]
[WhiteElo "2406"]
[BlackElo "2234"]
[PlyCount "81"]
[EventDate "2016.06.06"]
[EventType "swiss"]
[EventRounds "7"]
[EventCountry "ESP"]
[Source "lmi"]
[SourceDate "2016.06.06"]

1. e4 g6 2. d4 Bg7 3. Nc3 c5 4. d5 d6 5. Nf3 a6 6. a4 e5 7. Nd2 Nd7 8. Nc4 Nb6
9. Ne3 Ne7 10. a5 Nd7 11. Nc4 Qc7 12. Be2 f5 13. O-O b5 14. axb6 Nxb6 15. Nxb6
Qxb6 16. Bb5+ Kf7 17. Bg5 Rb8 18. Bc4 Rf8 19. Qd3 Ra8 20. Be3 fxe4 21. Nxe4 Bf5
22. f3 a5 23. Qb3 Rfb8 24. Qxb6 Rxb6 25. b3 Bd7 26. Nxc5 dxc5 27. d6+ Be6 28.
Bxe6+ Kxe6 29. dxe7 Rba6 30. Bxc5 Bf6 31. Rfe1 Kf7 32. Ra4 Re6 33. b4 Rc6 34.
f4 h5 35. fxe5 Bxe7 36. Bxe7 Kxe7 37. Rxa5 Rxa5 38. bxa5 Rxc2 39. Ra1 Rc7 40.
a6 Ra7 41. Kf2 1-0

[Event "Madrid-ch 2016 Final"]
[Site "Madrid ESP"]
[Date "2016.06.07"]
[Round "2.5"]
[White "Perez Mitjans, Orelvis"]
[Black "Rottenwohrer Suarez, Juan"]
[Result "1-0"]
[WhiteElo "2462"]
[BlackElo "2087"]
[PlyCount "79"]
[EventDate "2016.06.06"]
[EventType "swiss"]
[EventRounds "7"]
[EventCountry "ESP"]
[Source "lmi"]
[SourceDate "2016.06.06"]

1. e4 c5 2. Nf3 g6 3. d4 cxd4 4. c3 Bg7 5. Bc4 e6 6. cxd4 d5 7. exd5 exd5 8.
Bb5+ Bd7 9. Qe2+ Ne7 10. O-O Bxb5 11. Qxb5+ Qd7 12. Nc3 Nbc6 13. Bg5 f6 14. Be3
O-O 15. Rac1 Rad8 16. Na4 Ne5 17. Qxd7 Nxf3+ 18. gxf3 Rxd7 19. Nc5 Rc7 20. Bf4
Rcc8 21. Nxb7 Nf5 22. Rxc8 Rxc8 23. Nd6 Rc2 24. Nxf5 gxf5 25. Rb1 Kf7 26. a3
Kg6 27. Bb8 a6 28. a4 Rc8 29. Bd6 Rd8 30. Bc5 a5 31. b4 axb4 32. a5 Bf8 33.
Bxf8 Rxf8 34. Rxb4 Kf7 35. a6 Ke6 36. a7 Ra8 37. Rb7 h5 38. Kg2 Kd6 39. Rb6+
Ke7 40. Ra6 1-0

[Event "Madrid-ch 2016 Final"]
[Site "Madrid ESP"]
[Date "2016.06.07"]
[Round "2.6"]
[White "Aguilera Lopez, Alejandro"]
[Black "Rubio Mejia, Luis Ignacio"]
[Result "0-1"]
[WhiteElo "2011"]
[BlackElo "2457"]
[PlyCount "118"]
[EventDate "2016.06.06"]
[EventType "swiss"]
[EventRounds "7"]
[EventCountry "ESP"]
[Source "lmi"]
[SourceDate "2016.06.06"]

1. d4 Nf6 2. Nf3 e6 3. e3 c5 4. Bd3 b6 5. Nbd2 cxd4 6. exd4 Bb7 7. O-O Be7 8.
Re1 d6 9. c3 Nbd7 10. Qe2 O-O 11. Nf1 Re8 12. Bf4 Bf8 13. Rad1 Qc7 14. Bb1 a6
15. a3 Bc6 16. N1d2 h6 17. h3 b5 18. Nh2 Qb7 19. Ne4 Bxe4 20. Bxe4 Qxe4 21.
Qxe4 Nxe4 22. Rxe4 Rec8 23. Nf1 d5 24. Ree1 a5 25. Bd2 Bd6 26. g3 Rab8 27. b4
Nb6 28. Ne3 Na4 29. Rc1 Rc6 30. Rc2 axb4 31. axb4 Rbc8 32. Rec1 Ra6 33. Ra2 Kf8
34. Kg2 Ke7 35. f4 g6 36. Kf3 h5 37. Nd1 Rac6 38. Raa1 Kd7 39. Ke2 Be7 40. Kd3
Ra6 41. Ra2 Nc5+ 42. bxc5 Rxa2 43. Rb1 Kc6 44. Ne3 Bd8 45. Nc2 Ba5 46. Ne1 Ra8
47. Nf3 Bc7 48. Ng5 Ra1 49. Re1 Rxe1 50. Bxe1 f6 51. Nxe6 Re8 52. Nxc7 Rxe1 53.
Na6 Rh1 54. Nb4+ Kb7 55. Nxd5 Rxh3 56. Nxf6 Rxg3+ 57. Ke4 Rxc3 58. Kd5 h4 59.
Ne4 Rc2 0-1

[Event "Madrid-ch 2016 Final"]
[Site "Madrid ESP"]
[Date "2016.06.07"]
[Round "2.7"]
[White "Almagro Llamas, Pablo"]
[Black "Quispe Arteaga, Gabriel"]
[Result "1-0"]
[WhiteElo "2432"]
[BlackElo "2196"]
[PlyCount "153"]
[EventDate "2016.06.06"]
[EventType "swiss"]
[EventRounds "7"]
[EventCountry "ESP"]
[Source "lmi"]
[SourceDate "2016.06.06"]

1. e4 c5 2. Nf3 Nc6 3. Bb5 e6 4. Bxc6 bxc6 5. O-O d5 6. d3 Ne7 7. c4 Ng6 8. Nc3
Be7 9. Re1 O-O 10. b3 Qa5 11. Qd2 Qc7 12. Ba3 Rd8 13. Qc2 dxc4 14. dxc4 e5 15.
Na4 Bg4 16. Nd2 Nf4 17. f3 Bh5 18. Nf1 Ne6 19. Ng3 Bg6 20. Nf5 Bf8 21. Rad1 f6
22. Rxd8 Rxd8 23. Rd1 Bf7 24. Rxd8 Qxd8 25. Kf1 g6 26. Ne3 Qd4 27. Nd1 h5 28.
Bb2 Qd7 29. Nf2 g5 30. Qd1 Qc8 31. Ba3 Bg6 32. Nd3 g4 33. fxg4 Ng5 34. gxh5
Bxe4 35. Nf2 Bh7 36. Bxc5 Ne4 37. Nxe4 Bxe4 38. Bxf8 Qf5+ 39. Ke1 Kxf8 40. Qd8+
Kg7 41. h6+ Kxh6 42. Qd2+ Qg5 43. Qxg5+ Kxg5 44. Kf2 f5 45. Nc3 Bc2 46. b4 Bd3
47. c5 Kf6 48. Ke3 Bc4 49. g3 a6 50. h4 Kg6 51. a4 Kh5 52. Kf3 Kg6 53. g4 Be6
54. gxf5+ Kxf5 55. Ke3 Bb3 56. a5 Bc2 57. Ne2 Ke6 58. h5 Kd5 59. Nc3+ Kc4 60.
Ne4 Kd5 61. Nc3+ Ke6 62. h6 Bg6 63. Kf3 Bd3 64. Kg4 Kf7 65. Kf3 Kg6 66. Ke3 Bf5
67. b5 cxb5 68. Nd5 Kxh6 69. Nb4 Kg6 70. Nxa6 Kf6 71. Nb4 Bc8 72. a6 Ke6 73. c6
Bxa6 74. Nxa6 Kd6 75. Nb4 Kc7 76. Ke4 Kd6 77. Kf5 1-0

[Event "Madrid-ch 2016 Final"]
[Site "Madrid ESP"]
[Date "2016.06.07"]
[Round "2.8"]
[White "Ruiz Quevedo, Andres"]
[Black "Longa Yauca, Javier"]
[Result "0-1"]
[WhiteElo "1959"]
[BlackElo "2293"]
[PlyCount "48"]
[EventDate "2016.06.06"]
[EventType "swiss"]
[EventRounds "7"]
[EventCountry "ESP"]
[Source "lmi"]
[SourceDate "2016.06.06"]

1. Nf3 f5 2. g3 Nf6 3. Bg2 Nc6 4. d4 e6 5. O-O d5 6. c4 Ne4 7. b3 Be7 8. Ba3
O-O 9. Bxe7 Qxe7 10. Qc2 Qf6 11. e3 Bd7 12. a3 g5 13. Nc3 g4 14. Nxe4 fxe4 15.
Nd2 Rf7 16. b4 Raf8 17. b5 Ne7 18. cxd5 exd5 19. Rab1 Nf5 20. a4 Nd6 21. Qc5
Qe6 22. Rb2 b6 23. Qa3 h5 24. Nb1 Nc4 0-1

[Event "Madrid-ch 2016 Final"]
[Site "Madrid ESP"]
[Date "2016.06.07"]
[Round "2.9"]
[White "Iagar, Razvan Gabriel"]
[Black "Plazuelo Pascual, Juan"]
[Result "1/2-1/2"]
[WhiteElo "2161"]
[BlackElo "2223"]
[PlyCount "61"]
[EventDate "2016.06.06"]
[EventType "swiss"]
[EventRounds "7"]
[EventCountry "ESP"]
[Source "lmi"]
[SourceDate "2016.06.06"]

1. d4 Nf6 2. c4 e6 3. Nf3 d5 4. g3 Bb4+ 5. Bd2 Be7 6. Qc2 O-O 7. Bg2 c6 8. O-O
Nbd7 9. b3 Ne4 10. Bc3 b5 11. Nbd2 Nxc3 12. Qxc3 Bb7 13. Rac1 Rc8 14. Rfd1 dxc4
15. bxc4 b4 16. Qc2 c5 17. dxc5 Nxc5 18. Nb3 Qc7 19. Nxc5 Qxc5 20. e3 g6 21.
Nd4 Bxg2 22. Kxg2 Bf6 23. Qa4 Rfd8 24. Nb3 Rxd1 25. Rxd1 Qxc4 26. Qxa7 Qc6+ 27.
Kg1 Ra8 28. Nd4 Qd5 29. Qb6 Rxa2 30. Qxb4 Bxd4 31. Qxd4 1/2-1/2